000
00255nam a2200097Ia 4500
008
200302s9999 xx 000 0 und d
100
_a
Padmashri & Others
245
_a
Temple Sculptures of India
260
_b
Mysore State Lalitha Kala Academy
260
_c
1971
999
_c
2346
_d
2346